| 000 | 00835nam a22002417a 4500 | ||
|---|---|---|---|
| 005 | 20130823115618.0 | ||
| 010 | _aENG-107893 | ||
| 020 |
_c1200.00 _a9788171772599 |
||
| 035 | _aEN-91426 | ||
| 037 | _bDBAD/PUB | ||
| 082 | _a343.0968 | ||
| 100 | _aSaharay, H.K. | ||
| 245 | 0 | 0 |
_aThe law of carriage of goods : _cby H.K. Saharay _bcontaining merchant shipping, carriage of goods by sea, carriage by air and carriage of goods by road / |
| 250 | _a2nd ed | ||
| 260 |
_aNew Delhi _bEastern Law House _c2013 |
||
| 270 |
_a36, Netaji Subhash Marg, Daryaganj _bNew Delhi _e110002 |
||
| 300 |
_a63,983p. _c26cm(Hb) |
||
| 500 | _aIncludes index | ||
| 650 |
_aCarriers _xLaw and legislation. |
||
| 650 |
_a Freight and freightage _x Law and legislation. |
||
| 650 | _a Maritime law. | ||
| 942 |
_2ddc _cEN _mSAH _h343.0968 |
||
| 999 |
_c77337 _d77337 |
||